000 00557nam a22001937a 4500
005 20251108164403.0
008 250721s1990 xx 000 0 ara d
082 1 4 _a517/عدن
100 1 _aعوض، عدنان
245 1 0 _aالتفاضل و التكامل /
264 1 _aعمان :
_bدار الفكر للنشر و التوزيع،
_c1990.
300 _aج1.
650 1 7 _aالحساب
650 1 7 _aالتفاضل و التكامل
700 1 _aعلاونه، أحمد
700 1 _aعزام، مفيد
942 _2ddc
_cBK
999 _c10929
_d10929